[Vladimir Kulić (ed.): Second World Postmodernisms]
| Titel: | [Vladimir Kulić (ed.): Second World Postmodernisms] / Marcus Colla |
|---|---|
| Verfasser: | |
| In: |
Journal of contemporary history, Band 55, Heft 4 (2020), Seite 938-940 alle Artikel anzeigen |
| Veröffentlicht: | 2020 |
| Format: | Aufsatz |
| Sprache: | Englisch |
X
alg: 52985404
001A $03025:14-05-25
001B $03025:14-05-25 $t16:58:04.000
001D $03025:14-05-25
001U $0utf8
001X $00
002@ $0Oou
002C $aText $btxt $2rdacontent
002D $aComputermedien $bc $2rdamedia
002E $aOnline-Ressource $bcr $2rdacarrier
003@ $052985404X
009Q $uhttps://doi.org/10.1177/0022009420939472r $xVolltext
010@ $aeng
010E $erda
011@ $a2020
013D $#Newspapers Sections, columns, etc. Reviews $#Book reviewing $#Journaux Cahiers, chroniques, etc. Comptes rendus $#Livres Recension $#Rezension $#Rezension $#Buchbesprechung $#Buchrezension $#Buchkritik $74049712-4 $8Rezension [Ts1] $9085138568
021A $a[Vladimir Kulić (ed.): Second World Postmodernisms] $hMarcus Colla
028A $BVerfasser $4aut $8Colla, Marcus$Z20./21. Jh. [Tp1] $9500896283
031A $d55 $e4 $h938-940 $j2020
039B $aEnthalten in $8--Obvc--. Journal of contemporary history. - London {[u.a.] : Sage Publ., 1966-. - Online-Ressource. - ISSN 1461-7250 $x202000000550004062 $9083774181
039T $aRezension von $8--Aau--. Second world postmodernisms. - London : Bloomsbury Visual Arts, 2019. - xi, 254 Seiten. - Illustrationen. - ISBN 978-1-3500-1444-2 $943770193X
045F $a709.4370904 $eDDC23BSB
045F/01 $a709
045F/03 $f0904
045F/03 $g437
045F/03 $g47
lok: 52985404 78
exp: 52985404 78 1 #EPN
201B/01 $014-05-25 $t16:58:04.000
201C/01 $014-05-25
201U/01 $0utf8
203@/01 $01304502120
208@/01 $a14-05-25 $be
209A/01 $a/ $f000 $x00
209A/01 $ab*p $x01
220C/01 $apgar
244Z/01 $#Ostmitteleuropa $#Ostmitteleuropa $#Mitteleuropa, Ost $#Central Europe Ostmitteleuropa $#Mittelosteuropa $74075753-5 $8--Tg1--Ostmitteleuropa $x05 $9085214485
247C/01 $82080>Marburg/Lahn, Herder-Institut, Forschungsbibliothek, Bibliographieportal $9336309341
| LEADER | 00000caa a2200000 c 4500 | ||
|---|---|---|---|
| 001 | 52985404X | ||
| 003 | DE-603 | ||
| 005 | 20250514165804.0 | ||
| 007 | cr|||||||||||| | ||
| 008 | 250514s2020 xx |||| o| u00||u|eng c | ||
| 035 | |a (DE-599)HEB52985404X | ||
| 040 | |a DE-603 |b ger |c DE-603 |d DE-603 |e rda | ||
| 041 | |a eng | ||
| 082 | 0 | 4 | |8 1\u |a 709.4370904 |q DE-101 |2 23/BSB |
| 085 | |8 1\u |b 709 | ||
| 085 | |8 1\u |z 1 |s 0904 | ||
| 085 | |8 1\u |z 2 |s 437 | ||
| 085 | |8 1\u |z 2 |s 47 | ||
| 100 | 1 | |a Colla, Marcus |d 20./21. Jh. |e Verfasser |4 aut |0 (DE-603)500896283 |0 (DE-588)1271454238 |2 gnd | |
| 245 | 0 | 0 | |a [Vladimir Kulić (ed.): Second World Postmodernisms] |c Marcus Colla |
| 264 | 0 | |c 2020 | |
| 336 | |a Text |b txt |2 rdacontent | ||
| 337 | |a Computermedien |b c |2 rdamedia | ||
| 338 | |a Online-Ressource |b cr |2 rdacarrier | ||
| 655 | 7 | |a Rezension |2 gnd-content |0 (DE-588)4049712-4 |0 (DE-603)085138568 | |
| 773 | 0 | 8 | |i Enthalten in |t Journal of contemporary history |d London [u.a.] : Sage Publ., 1966- |h Online-Ressource |x 1461-7250 |g Band 55, Heft 4 (2020), Seite 938-940 |w (DE-603)083774181 |w (DE-600)1494064-4 |
| 787 | 0 | 8 | |i Rezension von |t Second world postmodernisms |d London : Bloomsbury Visual Arts, 2019 |h xi, 254 Seiten, Illustrationen |z 9781350014442 |w (DE-603)43770193X |
| 856 | |u https://doi.org/10.1177/0022009420939472r | ||
| 924 | 1 | |9 2080 |a (DE-603)1304502120 |b DE-2080 |c HES |d d |g / | |


